000 00653nam a2200229Ia 4500
003 OSt
005 20221007071932.0
006 a|||||r|||| 00| 0
007 ta
008 221006b |||||||| |||| 00| 0 eng d
024 _a11,328
037 _cTextual
040 _aFLL
_cFLL
_beng
041 _2eng
_aeng
082 _aU6435:Z1:N7, L0
100 _aWassenbergh H.A. Au.
_9687609
245 0 _aAspects of air law and civil air policy in the seventies
260 _aLondon
_bMacmillan press London
_c1970
300 _a165p
_ccm.
942 _hU6435:Z1:N7, L0
_cTEXL
_2CC
999 _c1144716
_d1144716